000 00257nam a22001217a 4500
020 _a0-7214-2998-X
082 _a823
_bDIS/M
100 _aDISNEY, WALT
245 _aMONSTERS, INC
260 _aUK
_bLADYBIRD
650 _aENGLISH SHORT STORY
_zUK
942 _cBK
999 _c3735
_d3735